000 00391nam a2200169Ia 4500
001 851
003 IN-NITTTR
005 20251114232903.0
008 251113s9999||||xx |||||||||||||| ||eng||
040 _beng
040 _cIN-NITTTR
041 _aeng
082 _a621.43 L618I
100 _aLichty, Lester C.
245 0 _aInternal- combustion engines /
_cLichty, Lester C.
942 _2ddc
_cBK
999 _c673
_d673